000 00206nam a22001097a 4500
999 _c64872
_d64869
082 _a297.923
100 _aش ب ل
245 _aسیرۃالنبی
300 _a۸۳۰
700 _aشبلی
942 _cBK